Geometry
Αποθηκεύτηκε σε:
| Κύριος συγγραφέας: | |
|---|---|
| Μορφή: | Βιβλίο |
| Γλώσσα: | English French |
| Δημοσίευση: |
Berlin :
Springer,
c1987.
|
| Σειρά: | Universitext
|
| Θέματα: | |
| Ετικέτες: |
Προσθήκη ετικέτας
Δεν υπάρχουν, Καταχωρήστε ετικέτα πρώτοι!
|
MARC
| LEADER | 00000cam a2200000 i 4500 | ||
|---|---|---|---|
| 001 | 1/39873 | ||
| 008 | 940111s1987 gw | ||| |||| ||eng|| | ||
| 020 | |a 3540116583 | ||
| 020 | |a 3540170154 | ||
| 035 | |a 1993 |c ΒΙΒΛΙΟΘΗΚΗ |l 10041115 | ||
| 035 | |a 1995 |c ΤΣΑΠΟΓΑΣ | ||
| 040 | |a GR-MY-UA |b gre |e aacr | ||
| 041 | 1 | |a eng |h fre | |
| 082 | 0 | |a 516. | |
| 100 | 1 | |a Berger, Marcel |d 1927- | |
| 245 | 1 | 0 | |a Geometry / |c Marcel Berger ; translated from the French by M. Cole and S. Levy. |
| 246 | 3 | 3 | |a Geometry I |
| 246 | 3 | 3 | |a Geometry II |
| 260 | |a Berlin : |b Springer, |c c1987. | ||
| 300 | |a 2 τ. ; |c 24 εκ. | ||
| 490 | 1 | |a (Universitext) | |
| 500 | |a Τίτλος πρωτοτύπου: Géométrie (vols. 1-5) | ||
| 504 | |a Περιέχει βιβλιογραφικές αναφορές και ευρετήριο | ||
| 650 | 0 | 0 | |a Geometry. |
| 830 | 0 | |a Universitext | |
| 852 | |a INST |b SAMOS |e 19951211 |h 516 BER |p 005300004708 |q 005300004708 |t BK |y 0 |z v.1 | ||
| 852 | |a INST |b SAMOS |e 19951211 |h 516 BER |p 005300004714 |q 005300004714 |t BK |y 0 |z v.2 | ||
| 852 | |a INST |b SAMOS |e 19950207 |h 516 BER |p 005300006143 |q 005300006143 |t BK |y 0 |z v.1 | ||
| 852 | |a INST |b SAMOS |e 19940111 |h 516 BER |p 005300008066 |q 005300008066 |t BK |y 0 |z v.2 | ||
| 852 | |a INST |b SAMOS |e 19951211 |h 516 BER |p 005300004708 |q 005300004708 |t BK |v v.1: |y 0 |z v.1 | ||
| 852 | |a INST |b SAMOS |e 19951211 |h 516 BER |p 005300004714 |q 005300004714 |t BK |v v.2: |y 0 |z v.2 | ||
| 852 | |a INST |b SAMOS |e 19950207 |h 516 BER |p 005300006143 |q 005300006143 |t BK |v v.1: |y 0 |z v.1 | ||
| 852 | |a INST |b SAMOS |e 19940111 |h 516 BER |p 005300008066 |q 005300008066 |t BK |v v.2: |y 0 |z v.2 | ||
| 853 | |a INST |b SAMOS |h 516 BER | ||
| 909 | |a Σ |b 029521 | ||
| 909 | |a Σ |b 040518 | ||
| 909 | |a Σ |b 040519 | ||
| 909 | |a Σ |b 038644 | ||